LEADER 01182nam a2200277 i 4500 001 991001731419707536 005 20020503153002.0 008 990708s1998 it ||| | ita 020 $a8871663691 035 $ab10264917-39ule_inst 035 $aEXGIL90587$9ExL 040 $aDip.to Filol. Ling. e Lett.$bita 100 1 $aFera, Vincenzo$0157773 245 10$aAgnolo Poliziano poeta scrittore filologo :$batti del convegno internazionale di studi :$bMontepulciano, 3-6 novembre 1994 /$ca cura di Vincenzo Fera e Mario Martelli 260 $a[Firenze] :$bLe lettere,$c[c1998] 300 $aXXII, 615 p. ;$c24 cm. 650 4$aPoliziano, Angelo 650 4$aUmanesimo 700 1 $aMartelli, Mario 907 $a.b10264917$b26-11-10$c27-06-02 912 $a991001731419707536 945 $aLE008 FL.M. (f.r.) V B 203$g1$i2008000000745$lle008$o-$pE0.00$q-$rl$s- $t0$u7$v6$w7$x0$y.i10316024$z27-06-02 945 $aLE008 Fondo Cesarini Martinelli 111$g2$i2008000428709$lle008$o-$pE0.00$q-$rl$s- $t0$u1$v3$w1$x0$y.i1520232x$z26-11-10 996 $aAgnolo Poliziano poeta scrittore filologo$9211612 997 $aUNISALENTO 998 $ale008$b01-01-99$cm$da $e-$fita$git $h0$i1 LEADER 01668oam 2200469M 450 001 9910716323203321 005 20200213070626.9 035 $a(CKB)5470000002520906 035 $a(OCoLC)1066001232 035 $a(OCoLC)995470000002520906 035 $a(EXLCZ)995470000002520906 100 $a20071213d1926 ua 0 101 0 $aeng 135 $aurcn||||||||| 181 $ctxt$2rdacontent 182 $cc$2rdamedia 183 $acr$2rdacarrier 200 10$aWilliam C. Perry. May 20, 1926. -- Committed to the Committee of the Whole House and ordered to be printed 210 1$a[Washington, D.C.] :$c[U.S. Government Printing Office],$d1926. 215 $a1 online resource (2 pages) 225 1 $aHouse report / 69th Congress, 1st session. House ;$vno. 1274 225 1 $a[United States congressional serial set ] ;$v[serial no. 8537] 300 $aBatch processed record: Metadata reviewed, not verified. Some fields updated by batch processes. 300 $aFDLP item number not assigned. 606 $aClaims 606 $aRequisitions, Military 606 $aWool 606 $aWorld War, 1914-1918 608 $aLegislative materials.$2lcgft 615 0$aClaims. 615 0$aRequisitions, Military. 615 0$aWool. 615 0$aWorld War, 1914-1918. 701 $aWinter$b Charles E$g(Charles Edwin),$f1870-1948$pRepublican (WY)$01387987 801 0$bWYU 801 1$bWYU 801 2$bOCLCO 801 2$bOCLCQ 906 $aBOOK 912 $a9910716323203321 996 $aWilliam C. Perry. May 20, 1926. -- Committed to the Committee of the Whole House and ordered to be printed$93448217 997 $aUNINA